Un Poco de Todo #1 - Estadísticas

Estadísticas generales
  • Esta prueba ha sido intentada 31 veces
  • La puntuación promedio es 4 de 10
Estadísticas de respuestas
Pregunta Respuesta % Correcto
¿Cuál de estas naciones no es una república? Bután
100%
¿En qué año se independizó Sudán del Sur, el país más joven del mundo? 2011
67%
¿Quién es el actual rey de Belice? Carlos III
67%
¿A qué países pertenecía Marruecos? Francia/España
67%
¿Cuál de estos países no tienen salida al mar (sin litoral)? Laos
33%
¿Cuál es la capital de Malaui? Lilongüe
33%
¿Cuál de estos países tiene una bandera diseñada en 1971 por una niña de 15 años? Papúa Nueva Guinea
33%
¿Cuál de estos países es el que menos IDH (Índice de Desarrollo Humano) tiene? Somalia
33%
¿Cuál es el porcentaje aproximado de musulmanes en la República Centroafricana, según el censo llevado a cabo en 2003? 10 %
0%
¿Cuál es el estado de los Estados Unidos con menor PIB per cápita? Misisipi
0%
No se encontraron pruebas coincidentes
Distribución de puntuación
Porcentaje de gente con cada puntuación
Porcentaje por número respondido
Historial de tus puntuaciones
No has intentado esta prueba.